00527nam a22001697a 4500003000400000005001700004008004100021020002200062040003000084050002900114100002000143245009800163250001200261260004400273300000900317650003100326OSt20250708145727.0250708b |||||||| |||| 00| 0 eng d a978-0-414-04470-8 cChuka University Library  aK 7510 .W66 2019 V.1 C.1 aWood R. Philip  aThe Law and Practice of International Finance Series: Principles of International Insolvency  a3rd ed  aCPI Group (UK) bThomson Reuters c2019 a919p aConflict of Law Bankrupts